Felicidad Moreno (Record no. 15437)

MARC details
000 - LÍDER
campo de control de longitud fija 01135nam a2200229Ia 4500
008 - ELEMENTOS DE DATOS DE LONGITUD FIJA - INFORMACIÓN GENERAL
campo de control de longitud fija 0000002001 sp ad 0000000000spa00
090 ## - NÚMERO DE LLAMADA DE TIPO LC LOCALMENTE ASIGNADO (OCLC)
Número de clasificación (OCLC) (R) PSP00 W34f
100 1# - ENTRADA PRINCIPAL - NOMBRE PERSONAL
Nombre de la persona Wilson, Adolfo
245 10 - TÍTULO DECLARACIÓN
Título Felicidad Moreno
Resto del título : febrero marzo 2001
Declaración de responsabilidad / texto Adolfo Wilson ; fotografías Mateo Gamón
260 ## - PUBLICACIÓN, DISTRIBUCIÓN
Lugar de publicación Valencia (España) : Galería Luis Adelantado
Fecha de publicación 2001
300 ## - DESCRIPCIÓN FÍSICA
Alcance 43 p.
Dimensiones / 28 cm.
500 ## - NOTA GENERAL
Nota general Exposición realizada en la Galería Luis Adelantado de Valencia, España entre febrero y marzo de 2001 \ Incluye datos biográficos y cronología artística \ Donación Galería Nueve Ochenta, Bogotá 2014
501 ## - Con nota
Con nota TEXTO: La pintura de Felicidad Moreno, o un itinerario por parajes del vértigo y la ensoñación / Adolfo Wilson
600 00 - ENTRADA DE SUJETO AÑADIDO - NOMBRE PERSONAL
Nombre de la persona MORENO, FELICIDAD, 1959/
Subdivisión general TRABAJOS PICTORICOS
650 14 - ENTRADA DE SUJETO AÑADIDO - TÉRMINO TÓPICO
Término tópico o elemento de entrada del nombre geográfico PINTURA ESPAÑOLA
650 14 - ENTRADA DE SUJETO AÑADIDO - TÉRMINO TÓPICO
Término tópico o elemento de entrada del nombre geográfico ARTE CONTEMPORANEO ESPAÑOL
650 14 - ENTRADA DE SUJETO AÑADIDO - TÉRMINO TÓPICO
Término tópico o elemento de entrada del nombre geográfico ARTISTAS PLASTICOS ESPAÑOLES
650 14 - ENTRADA DE SUJETO AÑADIDO - TÉRMINO TÓPICO
Subdivisión general CATALOGOS
650 14 - ENTRADA DE SUJETO AÑADIDO - TÉRMINO TÓPICO
Subdivisión general EXPOSICIONES
650 14 - ENTRADA DE SUJETO AÑADIDO - TÉRMINO TÓPICO
Término tópico o elemento de entrada del nombre geográfico PINTORES ESPAÑOLES
Holdings
Estado de retirada Pérdida de estatus Estado dañado No para préstamo Código de recogida Ubicación permanente Ubicación actual Ubicación de las estanterías Fecha de adquisición Número de llamada completo Código de barras Fecha de la última vez que se vio Número de copia Precio efectivo desde Tipo de artículo Koha
        General ArtNexus ArtNexus General 06/09/2022 P-SP-00 W34F 15704 06/09/2022 Ej.1 06/09/2022 Libro

Powered by Koha